Responses for show #4032 - Tuesday, February 26, 2002

Contestants

Patty Crowell, a mammography technologist originally from Kalispell, Montana

Richard Finch, an attorney from Dearborn Heights, Michigan

Anthony Trifilio, a construction worker from Brooklyn, New York (whose 1-day cash winnings total $16,000)

Jeopardy! Round responses

THE EMANCIPATION PROCLAMATION
COACHING FOOTBALL
MOVING
TOO "HARD"
TOO SOFT
JUST WRITE
    $200 2
the 13th Amendment

Anthony
    $200 11
Gatorade

Anthony
    $200 26
change of address

Richard
    $200 1
"A Hard Day's Night"

Richard
    $200 21
7 Up

Anthony
    $200 16
the Cave Bear

Anthony
    $400 7
William Seward

Triple Stumper
    $400 12
the "I" formation

Anthony
    $400 27
a dolly

Richard
    $400 3
(Alex: Hello--Whoa!--Patty's in first!)
[Construction worker Anthony was trying to signal in.]

a hard hat

Patty
    $400 22
silk

Anthony
    $400 17
(Patty: What is an ode?)
(Anthony: What is a runar--a roundabout?)

The Wanderer

AnthonyPatty
Triple Stumper
    $600 8
(Patty: What is March 22?)

January 1, 1863

Patty
Triple Stumper
    $600 13
a 2-point conversion

Patty
    $600 28
fragile

Patty
    $600 4
Tonya Harding

Patty
    $600 23
a baby's bottom

Richard
    $600 18
(Anthony: Who is Long?)
(Alex: Which one?)

Huey P. Long

Anthony
    $1,200 9
Texas

Richard
    $800 14
the sweep

Anthony
    $800 29
(Alex: And now the last clue: "U-Haul...")
[The end-of-round signal sounds.]

a security deposit

Richard
    $800 5
(Anthony: What is Hardee's?)

the Hard Rock Cafe

Anthony
Triple Stumper
    $800 24
soft money

Anthony
    $800 19
Harvey Fierstein

Patty
    $1000 10
Liberia

Anthony
    $1000 15
audibles

Patty
    $1000 6
Hard Times

Richard
    $1000 25
pianissimo

Anthony
    $1000 20
(Alex: That's it, yes, the play when Lincoln was assassinated.)

Our American Cousin

Richard

Scores at the first commercial break (after clue 14):

Anthony Richard Patty
$1,800 $2,400 $1,000

Scores at the end of the Jeopardy! Round:

Anthony Richard Patty
$4,600 $5,400 $3,000
The J! Archive is created by fans, for fans. The Jeopardy! game show and all elements thereof, including but not limited to copyright and trademark thereto, are the property of Jeopardy Productions, Inc. and are protected under law. This website is not affiliated with, sponsored by, or operated by Jeopardy Productions, Inc. Join the discussion at JBoard.tv.